000 00525nam a2200169Ia 4500
008 090201s9999 xx 000 0 und d
010 _aKPL-28128
040 _bमराठी
041 _aमराठी
082 _a28889
_b28128
100 _aचारूशिला गुप्ते
245 _aपालखी
_cचारूशिला गुप्ते
260 _c2004
_bराजेश पॉकेट बुक्स
300 _a191
_bमोठा
600 _aपालखी
942 _cBOOK
999 _c227553
_d227553